| 000 | 00000nas##2200000za#4500 |
| 001 | 9.503252 |
| 003 | CaOODSP |
| 005 | 20200325101630 |
| 007 | cr ||||||||||| |
| 008 | 150406c1997||||xxc|| p o||||f| |0fre|d |
| 022 | |a1494-572X |
| 040 | |aCaOODSP|bfre |
| 043 | |an-cn--- |
| 086 | 1 |aT12-7F-PDF |
| 110 | 1 |aCanada. |bTransports Canada. |
| 245 | 10|aSécurité maritime en rubrique / |h[ressource électronique]|cpublié par la Direction générale de la sécurité maritime de Transports Canada. |
| 260 | |aOttawa - Ontario : |bTransports Canada |c[1997]-. |
| 310 | |aTrimestriel |
| 362 | 1 |a[Vol. 1, n° 1, mars 1997 - N° 10, automne 2002] |
| 691 | 07|aSécurité nautique|2gcpds |
| 775 | 08|tMarine safety review / |w(CaOODSP)9.506856 |
| 776 | 0#|tMarine safety review / |w(CaOODSP)9.508754 |
| 776 | 0#|tSécurité maritime en rubrique / |w(CaOODSP)9.508755 |